Missing Word: Language Misconceptions Quiz Stats

 Plays Quiz Updated Mar 12, 2018

Challenge
Share
Tweet
Embed
Score 0/20 Timer 08:00
0 Plays Today
Misconception Missing Word % Correct
Isle is short for ______.island
97.2%
English is the most widely spoken language in the entire _____.world
95.7%
Chinese is the language spoken in _____.China
95.6%
Woman is a variation of the masculine term ___.man
94.4%
Xmas is a secular form of the word _________.Christmas
94.2%
'I before E except _____ C.'after
93.5%
It is easier to learn a ________ when you are younger.language
92.5%
Inflammable means something does not light on ____.fire
91.3%
A _________ consists of at least three/four/five sentences.paragraph
88.5%
Using a British ______ is the original, proper way to speak English that was used centuries ago.accent
84.8%
Misconception Missing Word % Correct
A sentence cannot end with a __________ such as 'of' or 'for'.preposition
76.6%
The beginning of each paragraph must be ________.indented
76.2%
A sentence cannot begin with a ___________ such as 'and' or 'but.'conjunction
69.6%
English is based on _____ as evidenced by its use of the _____ alphabet.Latin
67.8%
The word 'crap' comes from the name of Thomas _______.Crapper
67.7%
____ comes from the phrase 'gentlemen only, ladies forbidden'golf
61.3%
Swag is an _______, possibly meaning 'stuff we all get'.acronym
59.8%
Two ______ must be used at the end of each sentence.spaces
58.9%
Put an __________ with an S to make a plural.apostrophe
55.6%
'Begging the _______' is the same thing as raising a _______.question
49.6%

Today's Daily Dose

You're not logged in!

Compare scores with friends on all Sporcle quizzes.
OR
Log In

You Might Also Like...

Show Comments

Extras

Top Quizzes Today


Score Distribution

Your Account Isn't Verified!

In order to create a playlist on Sporcle, you need to verify the email address you used during registration. Go to your Sporcle Settings to finish the process.

Report this User

Report this user for behavior that violates our Community Guidelines.

Details: